00374nam a2200145 a 450008200150000010000170001524500610003226000230009330000090011650000350012550500100016065000260017065000150019670000170021100a226.5bNEW aNewbolt, M R aBook of Unveiling: A Study of the Revelation of st. John aLondonbSpckc1952 a212p aincludes index and biblioraphy2 aIndex aSaint John-Revelation aApocalypse1 aNewbolt, M R